000 00733nam a2200253 i 4500
001 C2-0282006
003 PPAK
005 20180728012444.0
008 070923s1990 nyua|||| ||||| | eng d
020 _a0590425609
040 _aPPAK
_beng
_cPPAK
_erda
082 0 4 _a796.357092
_223
090 0 0 _a796.357092
_bDEN
_dLCK
100 1 _aDenenberg, Barry,
_eauthor
245 1 0 _aStealing home :
_bthe story of jackie robinson
250 _a50th anniversary edition
264 1 _aNew York :
_bScholastic ,
_c1990
300 _a116 pages :
_billustrations ;
_c19 cm
336 _2rdacontent
_atext
337 _2rdamedia
_aunmediated
338 _2rdacarrier
_avolume
650 1 0 _aBaseball (Sports) -- Biography
942 _ddc
_cB
999 _c88295
_d88295